Things fall apart/ (Record no. 4851)

000 -LEADER
fixed length control field 01036 a2200277 4500
003 - CONTROL NUMBER IDENTIFIER
control field NUST
005 - DATE AND TIME OF LATEST TRANSACTION
control field 20231003154833.0
008 - FIXED-LENGTH DATA ELEMENTS--GENERAL INFORMATION
fixed length control field 231003b ||||| |||| 00| 0 eng d
020 ## - INTERNATIONAL STANDARD BOOK NUMBER
International Standard Book Number 8122902553
040 ## - CATALOGING SOURCE
Original cataloging agency DLC
Language of cataloging DLC
082 00 - DEWEY DECIMAL CLASSIFICATION NUMBER
Classification number 823.914
Author Mark ACH
100 1# - MAIN ENTRY--PERSONAL NAME
Personal name Achebe, Chinua.
9 (RLIN) 72287
245 00 - TITLE STATEMENT
Title Things fall apart/
Statement of responsibility, etc. Chinua Achebe ; with an introduction by Kwame Anthony Appiah.
260 ## - PUBLICATION, DISTRIBUTION, ETC.
Place of publication, distribution, etc. New Delhi :
Name of publisher, distributor, etc. Surjeet Publications;
Date of publication, distribution, etc. 2007.
300 ## - PHYSICAL DESCRIPTION
Extent 215 p. ;
Dimensions 22 cm.
650 #0 - SUBJECT ADDED ENTRY--TOPICAL TERM
Topical term or geographic name entry element Igbo (African people)
9 (RLIN) 107969
650 #0 - SUBJECT ADDED ENTRY--TOPICAL TERM
Topical term or geographic name entry element British
Geographic subdivision Nigeria
9 (RLIN) 118315
650 #0 - SUBJECT ADDED ENTRY--TOPICAL TERM
Topical term or geographic name entry element Men
Geographic subdivision Nigeria
9 (RLIN) 107970
650 #0 - SUBJECT ADDED ENTRY--TOPICAL TERM
Topical term or geographic name entry element Race relations
9 (RLIN) 49696
651 #0 - SUBJECT ADDED ENTRY--GEOGRAPHIC NAME
Geographic name Nigeria
9 (RLIN) 118316
655 #7 - INDEX TERM--GENRE/FORM
Genre/form data or focus term Historical fiction.
856 42 - ELECTRONIC LOCATION AND ACCESS
Materials specified Publisher description
Uniform Resource Identifier <a href="http://www.loc.gov/catdir/description/random041/97103913.html">http://www.loc.gov/catdir/description/random041/97103913.html</a>
856 42 - ELECTRONIC LOCATION AND ACCESS
Materials specified Contributor biographical information
Uniform Resource Identifier <a href="http://www.loc.gov/catdir/enhancements/fy0744/97103913-b.html">http://www.loc.gov/catdir/enhancements/fy0744/97103913-b.html</a>
856 42 - ELECTRONIC LOCATION AND ACCESS
Materials specified Sample text
Uniform Resource Identifier <a href="http://www.loc.gov/catdir/enhancements/fy0826/97103913-s.html">http://www.loc.gov/catdir/enhancements/fy0826/97103913-s.html</a>
942 ## - ADDED ENTRY ELEMENTS (KOHA)
Koha item type Book
Call number prefix 823.914 ACH
Source of classification or shelving scheme
Holdings
Withdrawn status Lost status Source of classification or shelving scheme Damaged status Not for loan Permanent Location Current Location Shelving location Date acquired Source of acquisition Cost, normal purchase price Total Checkouts Full call number Barcode Date last seen Date last checked out Price effective from Koha item type Total Renewals
          Central Library (CL) Central Library (CL) General Stacks 03/06/2008 Donation 0.00 3 823.914 ACH SEECS003806 07/30/2025 02/09/2022 01/05/2017 Book  
          Central Library (CL) Central Library (CL) General Stacks 05/02/2006 Donation 0.00 5 823.914 ACH SEECS007505 03/04/2022 02/11/2022 01/05/2017 Book 1
© 2023 Central Library, National University of Sciences and Technology. All Rights Reserved.